00433nam a2200157Ia 4500008004100000020001800041082002000059100002900079245004100108250000700149260004700156300002300203500001900226600001500245650001500260240925s9999 xx 000 0 und d a9789834710569 a658.4038011 JAL aJalaludin, Farah Waheeda 0aInformation Systems: an introduction aNA aNew York:bOxford University Pressc,2014. a586p.b0fOriginal aIncludes Index aManagement aManagement